000 02353nam a22003137a 4500
003 NALT
005 20250912105257.0
008 250816b th ||||| |||| 00| 0 tha d
020 _a9786166199246
040 _aNALT
090 _aKS 35.1
_bป277ป 2568
100 0 _aประทีป ทับอัตตานนท์.
_957465
245 1 0 _aปัญหาในการดำเนินคดีหมิ่นประมาทและฉ้อโกงผ่านข้อมูลคอมพิวเตอร์ /
_cประทีป ทับอัตตานนท์, จิดาภา พรยิ่ง.
260 _aกรุงเทพฯ :
_bกรุงสยาม พับลิชชิ่ง,
_c2568.
300 _a372 หน้า :
_bภาพประกอบ, แผนภูมิ ;
_c21 ซม.
505 2 _aบทที่ 1 หมิ่นประมาท -- บทที่ 2 การฉ้อโกง -- บทที่ 3 การกระทำความผิดเกี่ยวกับคอมพิวเตอร์ กรณีการฉ้อโกง -- บทที่ 4 การกระทำความผิดเกี่ยวกับคอมพิวเตอร์ กรณีการหมิ่นประมาท -- บทที่ 5 การดำเนินการเกี่ยวกับการควบคุม ปราบปรามการกระทำผิดฐานฉ้อโกงทางอิเล็กทรอนิกส์.
650 4 _aการฉ้อโกง
_966078
650 4 _aหมิ่นประมาท
_919486
650 4 _aความรับผิดทางอาญา
_zไทย
_914599
650 4 _aคอมพิวเตอร์
_xกฎหมายและระเบียบข้อบังคับ
_zไทย
_946757
653 4 _aความผิดฐานฉ้อโกง
653 4 _aความผิดฐานหมิ่นประมาท
700 0 _aจิดาภา พรยิ่ง
_959624
942 _cLB
_2local
996 _ajidapa.t
_bACQSTF
_c2025-08-16
996 _avaree.k
_bLIBSTF
_c2025-08-18
996 _asaiphon.d
_bCATSTF
_c2025-08-20
999 _c107093
_d107093
998 _j111
_k นางสาวพจพิณ พรมเอี่ยม